000 01099nam a2200289 i 4500
001 bg
003 BPK
005 20220316090039.0
008 030829s2003 pl f |001 0 pol
015 _aPB 2003/14384
020 _a8373341994
040 _aWA N
_cBPK
041 0 _apol
080 _a347(438)
080 _a(094.4.07)
100 1 _aRudnicki, Stanisław
_d(1926-2012)
_eKomentarz
245 1 0 _aKomentarz do kodeksu cywilnego.
_nKs. 2,
_pWłasność i inne prawa rzeczowe /
_cStanisław Rudnicki.
250 _aWyd. 5, stan prawny na 15 czerwca 2003 roku (uwzględnia zmiany wchodzące w życie 25 września 2003 roku).
260 _aWarszawa :
_bWydaw. Prawnicze "LexisNexis",
_c2003.
300 _a541, [3] s. ;
_c25 cm.
500 _aAut. ks. 1: Stanisław Dmowski, Stanisław Rudnicki.
504 _aBibliogr. przy rozdz. Indeks.
650 4 _aPrawo cywilne
_zPolska.
710 2 _aWydawnictwo Prawnicze LexisNexis
_4pbl.
856 _uhttp://koha.tu.koszalin.pl/cgi-bin/koha/opac-detail.pl?biblionumber=43292
_yKatalog online BPK
942 _2UKD
_cKS
999 _c43292
_d43292